000 00360nam a2200121 a 4500
005 20141022142006.0
008 081003s19uu xx 00 eng d
050 _aVCD
_bAR3 1996
245 _aArchaelogy: last days of philistines killer quakes of the bible.
650 _aVCD.
650 _aLast days of philistines killer quakes of the bible.
942 _cAVM
999 _c276502
_d276502